Normal view
MARC view
Entry Topical Term
001 - CONTROL NUMBER
- control field: 12199
003 - CONTROL NUMBER IDENTIFIER
- control field: BD-RjUL
005 - DATE AND TIME OF LATEST TRANSACTION
- control field: 20240311110632.0
008 - FIXED-LENGTH DATA ELEMENTS
- fixed length control field: 240311|| aca||aabn | a|a d
040 ## - CATALOGING SOURCE
- Original cataloging agency: BD-RjUL
- Transcribing agency: BD-RjUL
150 ## - HEADING--TOPICAL TERM
- Topical term or geographic name entry element: Public Administration
- Form subdivision: Adminisrative
- Geographic subdivision: Corruption
670 ## - SOURCE DATA FOUND
- Source citation: Work cat.: (BD-RjUL)83297: Ahmed, Helal Uddin 12198, Adminisrative Corruption in the Delivery of Services :, 2011